000 00373cam a2200145u 4500
040 _cCarP
082 _a631 MAS 1970 A091 Or.
100 1 _aDommergues, Yvon.
245 1 0 _aÉcologie microbienne du sol
260 _aParis,
_bMasson,
_c1970.
300 _aviii, 796 p.
_billus.
_c25 cm.
650 0 _aSoil microbial ecology.
700 1 _aMangenot, François,
942 _cFB
999 _c15653
_d15653